000 00835pam a2200277 a 4500
001 2522476
003 NUST
005 20220305125658.0
008 930311s1993 nyu 000 0 eng
010 _a 93010231
020 _a0446517690 :
_c$14.95 FPT ($17.95 Can.)
038 _awaseem
040 _aDLC
_cDLC
_dDLC
050 0 0 _aBL477
_b.F74 1993
082 0 0 _a291.215
_bFRE
100 1 _aFreeman, Eileen E.
_990232
245 1 0 _aTouched by angels /
_cEileen Elias Freeman.
260 _aNew York, NY :
_bWarner Books,
_cc1993.
300 _axviii, 204 p. ;
_c20 cm.
563 _aHBK.
650 0 _aAngels.
_990233
650 0 _aGuardian angels.
_990234
906 _a7
_bcbc
_corignew
_d1
_eocip
_f19
_gy-gencatlg
942 _2ddc
_cBK
999 _c588579
_d588579